[Event "Orbis-2 IM 2018"]
[Site "Paracin"]
[Date "2018.12.07"]
[Round "7"]
[White "Konstantinov, Aleksandar"]
[Black "Besedes, Danilo"]
[Result "0-1"]
[WhiteElo "2080"]
[BlackElo "2300"]
[Annotator "TA"]
[PlyCount "70"]
[EventDate "2018.12.03"]
[EventType "tourn"]
[EventCountry "SRB"]
[SourceTitle "playchess.com"]
[Source "ChessBase"]
[SourceQuality "1"]

{[%evp 12,70,31,34,32,32,34,28,41,-22,-4,-6,0,-29,-23,-19,0,-3,0,0,0,0,0,0,12,6,13,14,16,20,29,0,0,-34,-19,-62,-27,-31,-18,-61,0,-123,-48,-237,-231,-251,-164,-180,-156,-456,-359,-364,-358,-441,-235,-500,-360,-1396,-1340,-1333,-1260]} 1. d4 e6 2. c4 d5 3. Nc3 Be7 4. cxd5 exd5 5. Bf4 c6 6. e3 Nf6 7. Bd3 {LiveBook: 141 Games} Be6 {D35: Queen's Gambit Declined: Exchange Variation} (7... Nbd7 8. h3 Nf8 9. Nf3 Ng6 10. Bh2 Bd6 11. Bxd6 Qxd6 12. O-O O-O 13. Rb1 Re8 14. b4 a6 15. a4 Ne4 16. Bxe4 dxe4 17. Nd2 f5 18. b5 axb5 19. axb5 Be6 20. bxc6 bxc6 {½-½ (63) Nakamura,H (2791)-Vachier Lagrave,M (2819) chess.com INT 2016}) 8. Qc2 Nbd7 9. Nf3 (9. Nge2 {keeps more tension.} O-O 10. O-O h6 11. h3 Nb6 12. Be5) 9... Nh5 {White has an edge.} 10. Bg3 (10. O-O $14) 10... Nxg3 11. hxg3 h6 12. O-O O-O 13. Rab1 a5 14. a3 Nf6 $146 15. b4 axb4 16. axb4 Ra3 17. b5 Qa5 18. Ne2 Rc8 {Threatening ...cxb5.} 19. bxc6 Rxc6 20. Qd1 Rc7 21. Rb3 Bd7 22. Qb1 {[#]} b5 $1 {[%mdl 512]} 23. Ne5 (23. Bxb5 Rxb3) 23... Be8 24. Rxa3 Bxa3 25. Qb3 b4 (25... Bd6 $15) 26. Bb1 (26. Qa2 $11) 26... Ba4 (26... Qa4 $17 27. Qxa4 Bxa4) 27. Qd3 $2 (27. Qa2 $1 $15) 27... Bb5 $19 28. Qd2 Qa6 $36 {[%mdl 2048] Keeping White busy.} 29. Re1 b3 {[%cal Bb4b3,Bb3b2][%mdl 32]} 30. Nf4 $2 (30. f3 $17 {only move.}) 30... Qa4 {[#] Hoping for ...Bb4.} 31. Nfd3 Ne4 32. Qd1 f6 (32... Bb4 $142 33. Nxb4 Qxb4) 33. Ng4 $2 (33. Qg4 fxe5 34. Qe6+ Kh8 35. Qxd5) 33... b2 {White must now prevent ...Qxd1.} 34. Qf3 $2 (34. Qxa4 Bxa4 35. f3) 34... Bxd3 35. Bxd3 Rc1 {Accuracy: White = 30%, Black = 49%.} 0-1